000 00295nam a22001097a 4500
999 _c4236
_d4236
008 250128b ||||| |||| 00| 0 eng d
020 _a9780753440582
082 _a932 STE
100 _aSTEELE,PHILIP
_ePHILIP STEELE
245 _aPYRAMIDS WERE BUILT
942 _2ddc
_h932 STE